HEAD NECK & DENTAL ANATOMY (Record no. 707423)

MARC details
000 -LEADER
fixed length control field 00392nam a2200157Ia 4500
008 - FIXED-LENGTH DATA ELEMENTS--GENERAL INFORMATION
fixed length control field 230721s2002 xx 000 0 und d
020 ## - INTERNATIONAL STANDARD BOOK NUMBER
International Standard Book Number 9780766818897
041 ## - LANGUAGE CODE
Language code of text/sound track or separate title eng
082 ## - DEWEY DECIMAL CLASSIFICATION NUMBER
Classification number 611.314,SHO
100 ## - MAIN ENTRY--PERSONAL NAME
Personal name SHORT MARJORIE J.
245 ## - TITLE STATEMENT
Title HEAD NECK & DENTAL ANATOMY
250 ## - EDITION STATEMENT
Edition statement 3RD
260 ## - PUBLICATION, DISTRIBUTION, ETC.
Name of publisher, distributor, etc. 22552THOMSON DELMAR LEARNING NEW
Date of publication, distribution, etc. 2002
300 ## - PHYSICAL DESCRIPTION
Extent 262
650 ## - SUBJECT ADDED ENTRY--TOPICAL TERM
Topical term or geographic name entry element Oral Anatomy
Holdings
Withdrawn status Lost status Damaged status Not for loan Home library Current library Date acquired Source of acquisition Cost, normal purchase price Total Checkouts Full call number Barcode Date due Date last seen Date last checked out Price effective from Koha item type
        Dental College & Hospital, Sangli Dental College & Hospital, Sangli 30/08/2011 BHARATI SAHAKARI GRAHAK BHANDER PUNE 4116.06 2 611.314,SHO DCS-BVDS-3086 02/05/2029 10/11/2023 10/11/2023 21/07/2023 Book